[Event "1st Grandiscacchi Cattolica 2022"]
[Site "Cattolica"]
[Date "2022.03.03"]
[Round "1.1"]
[White "Dobboletta, Alex"]
[Black "Narayanan.S.L"]
[Result "0-1"]
[WhiteElo "2176"]
[BlackElo "2658"]
[Annotator "TA"]
[PlyCount "104"]
[EventDate "2022.03.03"]
[EventType "swiss"]
[EventCountry "ITA"]
[SourceTitle "playchess.com"]
[Source "ChessBase"]
[SourceQuality "1"]

{[%evp 10,104,18,33,31,39,24,22,22,26,8,14,22,0,52,47,50,13,16,17,28,-12,-13,-18,0,0,14,0,0,0,0,0,0,0,0,0,0,0,15,26,22,0,0,0,0,-2,-4,-4,16,-2,0,0,0,0,0,0,0,0,0,0,0,0,0,0,0,0,0,0,0,0,0,0,15,15,15,0,16,16,15,0,0,0,0,0,0,0,0,-381,-383,-1139,-1054,-1100,-963,-1316,-1002,-29979,-29978]} 1. e4 c5 2. Nf3 Nc6 3. Bb5 e6 4. O-O Nge7 5. d4 cxd4 6. Nxd4 Ng6 {is cutting edge theory. B30: Sicilian: 2...Nc6 3 Bb5, lines without ...g6.} 7. Be2 Be7 8. Be3 O-O {The position is equal.} 9. c4 Nxd4 10. Qxd4 b6 {[#]} 11. Rd1 $146 ({Predecessor:} 11. Nc3 Bb7 12. Rfd1 Bc6 13. Qd2 f5 14. exf5 Nh4 15. f3 Rxf5 16. Ne4 Qe8 17. Ng3 {0-1 (30) Darini,P (2432)-Maghsoodloo,P (2676) Teheran 2021}) 11... d6 (11... Bb7 $11) 12. Nc3 $14 {[%cal Bb1c3,Bc3e4,Be4g3][%mdl 32]} Bb7 13. f3 f5 14. exf5 Rxf5 15. Ne4 {[%cal Re4d6]} (15. Qd2 $5 {[%cal Rc3b5]}) 15... d5 16. cxd5 exd5 {[#] Strongly threatening ...Qe8.} 17. Qa4 Bf8 18. Ng3 Rf7 19. Bd3 Qf6 20. Bd4 Qg5 21. Bxg6 Qxg6 22. Rac1 h5 {[%cal Bh7h5,Bh5h4,Bh4h3][%mdl 32]} 23. Bf2 Be7 {Prevents Qh4.} 24. Rc7 Bg5 25. Qc2 Qxc2 26. Rxc2 h4 27. Ne2 h3 28. Nd4 Bc8 29. Re1 Bf6 30. Re8+ Rf8 31. Rxf8+ Kxf8 32. g4 Bd7 33. Ne2 Bg5 34. Bg3 Re8 35. Nf4 d4 36. Rd2 Bc6 37. Rxd4 Bxf3 38. Bh4 Bxh4 {[%cal Re8e1] [#] A strong pair of Bishops.} 39. Ng6+ Kf7 {[%cal Re8e1]} 40. Nxh4 $11 {[%mdl 4096] Endgame KRB-KRN} Be4 {Hoping for ...g5.} 41. Kf2 Kf6 42. Nf3 Re6 43. Kg3 g5 44. Rd8 Rc6 $1 45. Nd2 Bg2 46. Rf8+ Ke7 47. Rf2 Re6 {And now ...Re3+ would win.} (47... Rd6 $5 48. Re2+ Kf6 $11) 48. Nf1 {[%mdl 8192] Inhibits Re3+.} (48. Rf5 $11 {and White stays safe.}) 48... Re1 $19 49. Nd2 (49. Rf5 Rxf1 50. Rxg5) 49... Re3+ 50. Nf3 Kf6 {aiming for ...b5.} 51. b3 b5 {[%cal Bb6b5,Bb5b4][%mdl 32] Threatens to win with ...a5.} 52. a4 b4 {Weighted Error Value: White=0.50/Black=0.14 (very precise)} 0-1

[Event "1st Grandiscacchi Cattolica 2022"]
[Site "Cattolica"]
[Date "2022.03.03"]
[Round "1.2"]
[White "Nisipeanu, Liviu-Dieter"]
[Black "Lorscheid, Gerhard"]
[Result "1-0"]
[WhiteElo "2652"]
[BlackElo "2131"]
[Annotator "TA"]
[PlyCount "55"]
[EventDate "2022.03.03"]
[EventType "swiss"]
[EventCountry "ITA"]
[SourceTitle "playchess.com"]
[Source "ChessBase"]
[SourceQuality "1"]

{[%evp 10,55,42,35,41,45,52,42,54,43,55,47,47,31,34,25,31,10,12,6,49,9,14,27,101,12,4,20,128,139,139,149,130,143,129,127,128,131,122,127,132,127,160,182,166,154,674,671]} 1. e4 d6 2. d4 Nf6 3. Nc3 e5 4. dxe5 dxe5 5. Qxd8+ Kxd8 6. Bc4 {Threatens to win with Nf3.} Ke8 {is cutting edge theory. B07: Pirc Defence: Miscellaneous Systems.} 7. a3 c6 8. Nf3 Bd6 {White is slightly better.} 9. Be3 Nbd7 10. O-O {[#]} a5 $146 ({Predecessor:} 10... Ke7 11. Rad1 Bc7 12. Ne1 Bb6 13. Bxb6 Nxb6 14. Ba2 Be6 15. Bxe6 Kxe6 16. Nd3 Nfd7 {0-1 (46) Cruz,J (2024)-Strikovic,A (2509) Porto 2015}) 11. Ba2 b5 12. Rad1 Bc7 13. b4 Ke7 14. Bb3 Rf8 (14... Ng4 $11) 15. h3 (15. Nh4 {keeps more tension.} g6 16. h3 Rh8 17. Bh6 axb4 18. axb4 Nb6 19. f4) 15... axb4 16. axb4 Bd6 {[#]} (16... Rd8 $11) 17. Rxd6 $1 {[%mdl 512] White is much more active.} Kxd6 $11 18. Nxe5 {[%mdl 64] Deflection} Nxe5 (18... Kxe5 $11 19. Rd1 Nh5) 19. Bc5+ $16 Kc7 {Strongly threatening ...Rd8.} 20. Bxf8 {A strong pair of Bishops.} Bxh3 {[%cal Oe5f3] [#]} 21. f4 $1 Ned7 {[#]} 22. Bd6+ $1 {[%mdl 512]} Kxd6 23. e5+ Kc7 24. gxh3 ({Don't take} 24. exf6 $6 Bg4 $14) 24... Ng8 25. Bxf7 Nh6 {[#]} 26. Bb3 Nf5 27. Rd1 {Prevents Nd4. Hoping for Be6.} g5 $2 (27... Nb6 $16 28. Kf2 Ne7) 28. Be6 {Weighted Error Value: White=0.10 (very precise) /Black=0.51} 1-0

[Event "1st Grandiscacchi Cattolica 2022"]
[Site "Cattolica"]
[Date "2022.03.03"]
[Round "1.3"]
[White "Nurgaliyev, Sauat"]
[Black "Praggnanandhaa R"]
[Result "0-1"]
[WhiteElo "2150"]
[BlackElo "2612"]
[Annotator "TA"]
[PlyCount "90"]
[EventDate "2022.03.03"]
[EventType "swiss"]
[EventCountry "ITA"]
[SourceTitle "playchess.com"]
[Source "ChessBase"]
[SourceQuality "1"]

{[%evp 15,90,5,26,-7,-6,-27,0,0,-20,-19,-9,-34,-21,-29,-31,-33,-30,-40,-37,-50,-19,-45,-19,-20,-16,-43,-9,-12,-11,-56,-60,-99,-87,-89,-88,-91,-74,-94,-89,-127,-86,-105,-95,-147,-146,-182,-156,-585,-422,-426,-428,-415,-427,-418,-414,-408,-364,-358,-364,-359,-366,-356,-271,-294,-291,-264,-264,-330,-352,-466,-394,-390,-345,-447,-435,-406,-351]} 1. e4 c5 2. Nf3 Nc6 3. d4 cxd4 4. Nxd4 Nf6 5. Nc3 d6 6. Bc4 Qb6 7. Nb3 e6 8. Be3 Qc7 $1 ({Resist} 8... Qb4 9. Bb5 d5 10. a3 $16 (10. exd5 Nxd5 11. Qf3 a6 $14)) 9. f3 {B57: Classical Sicilian: Sozin with 6...Qb6.} a6 10. Nd4 Be7 11. Bb3 {The position is equal.} O-O 12. Qd2 b5 {[#]} 13. O-O $146 ({Predecessor:} 13. Nxc6 Qxc6 14. a4 b4 15. Ne2 a5 16. O-O Bd7 17. Nd4 Qb7 18. Rae1 Rac8 19. Bg5 Qa7 20. Be3 {0-1 (57) Pazdzierz,P (1351)-Hryn,A (1319) Iwonicz 2015}) 13... Bd7 14. Rfd1 Na5 15. Rac1 Rab8 16. a3 Rfd8 17. Qe1 Qb7 18. Ba2 {[%cal Oc3b5]} Nc4 19. Bxc4 bxc4 20. Rb1 h6 21. Nde2 e5 22. Qd2 (22. b4 $11) 22... Be6 $15 {[%cal Bd7e6,Be6f5,Bf5g6][%mdl 32]} 23. Nd5 Nxd5 24. exd5 Bf5 25. Nc3 Bg6 26. Qe2 Qc7 27. Rf1 Re8 ({Black should try} 27... Rb7 28. Qd2 Rdb8) 28. Qd2 Rb7 29. f4 (29. b4 $142) 29... exf4 $17 30. Bxf4 Bf6 31. Nd1 $2 {Loses the game.} (31. Bg3 $17 {is more resistant.}) 31... Qc5+ 32. Be3 {[#]} Rxe3 {[%mdl 512]} 33. Nxe3 Bd4 34. Rbe1 Re7 35. Rf3 c3 36. bxc3 Bxc3 {A strong pair of Bishops.} 37. Qf2 Bxe1 ({Stronger than} 37... Qxa3 38. Nf5 Rc7 39. Re7 $11) 38. Qxe1 Be4 39. Rg3 f5 {[#] And now ...f4 would win.} ({Wrong is} 39... Qxa3 $2 40. Ng4 Qb2 41. Nxh6+ Kf8 42. Ng4 $19) 40. Qf2 Qxa3 41. h4 Qa1+ 42. Kh2 Qe5 {...f4 is the strong threat.} 43. Nc4 Qxd5 44. Ne3 Qc5 45. Qf4 Qe5 {Weighted Error Value: White=0.42/Black=0.15 (very precise)} 0-1

[Event "1st Grandiscacchi Cattolica 2022"]
[Site "Cattolica"]
[Date "2022.03.03"]
[Round "1.4"]
[White "Azarov, Sergei"]
[Black "Aarav Dengla"]
[Result "1-0"]
[WhiteElo "2600"]
[BlackElo "2144"]
[Annotator "TA"]
[PlyCount "99"]
[EventDate "2022.03.03"]
[EventType "swiss"]
[EventCountry "ITA"]
[SourceTitle "playchess.com"]
[Source "ChessBase"]
[SourceQuality "1"]

{[%evp 15,99,7,4,0,0,0,47,53,59,68,60,56,104,100,118,100,96,120,105,108,124,130,131,103,106,114,200,206,185,137,181,27,185,0,80,25,89,-118,-102,-122,-120,-114,-117,-109,-22,-22,-38,-24,-12,-14,-13,-14,0,0,0,0,0,0,0,0,0,0,0,0,0,0,0,0,0,0,0,0,0,0,7,0,0,0,0,0,0,8,1095,1075,29998,29999]} 1. e4 c5 2. Nf3 d6 3. d4 Nf6 4. Nc3 cxd4 5. Nxd4 a6 6. Bg5 e6 7. Qf3 Be7 8. O-O-O Nbd7 9. Bd3 {B95: Sicilian Najdorf: 6 Bg5 e6, unusual White 7th moves.} Ne5 10. Qh3 {[#]} Qa5 $146 (10... h6 $11) ({Predecessor:} 10... h6 11. Be2 Bd7 12. Be3 Rc8 13. f4 Rxc3 14. fxe5 Nxe4 15. exd6 Qa5 16. Kb1 Nf2 {1-0 (32) Praggnanandhaa,R (2567)-Drygalov,S (2470) New Delhi 2019}) 11. f4 $1 $14 {White is slightly better.} Nc6 12. Nf3 Bd7 13. Rhe1 {And now e5 would win.} h6 (13... O-O-O $1 $14) 14. e5 $16 O-O-O 15. exf6 hxg5 {[#]} 16. fxe7 $1 {White is much more active.} Rxh3 17. exd8=Q+ Kxd8 18. gxh3 gxf4 19. Kb1 Qh5 20. Be2 d5 (20... Kc7 $16 21. Ne4 d5) 21. Rg1 $18 Qh6 22. h4 (22. Rg4 $18) 22... g6 (22... Kc7 $16 {was necessary.} 23. h5 Ne7) 23. Rg5 $2 (23. h5 $1 $18 {[%cal Rh5g6]}) 23... Kc7 $2 (23... Ne7 $11 {and Black is okay.}) 24. a3 $2 (24. h5 $18) 24... Be8 (24... Ne7 $11 {keeps the balance.}) 25. Rg4 ({Better is} 25. h5 $16) 25... f6 (25... f5 $1 $11 {remains equal.} 26. Rgg1 Kb8) 26. Nd4 $2 (26. h5 $16 {stays on course.}) 26... Nxd4 $17 27. Rxd4 {[#]} f5 $1 28. Nxd5+ {[#]} Kb8 $1 29. Rg2 ({Don't play} 29. Nxf4 fxg4 30. Bxg4 Qxh4 $19) 29... exd5 (29... Qxh4 $17 {Hoping for ...f3.} 30. Nc3 (30. Nxf4 e5 $15) 30... e5) 30. Rf2 $11 Qxh4 31. Rdxf4 Qe7 32. h4 Bd7 33. Bd3 Qe1+ 34. Ka2 Qg1 35. Rf1 Qg3 36. Rd4 Qe5 37. c3 Be6 38. Rg1 Qf6 39. Bc2 Kc7 40. Bd1 Bf7 41. Re1 b5 42. Bf3 Kc6 43. a4 Kc5 44. Ka1 Kc6 45. Bg2 Kc5 46. Rb4 Qd8 47. Bf1 {[%cal Ra4b5]} Be8 48. axb5 {Chess con chili.} axb5 $2 {[%mdl 8192]} (48... Bxb5 $11 49. Bxb5 axb5) 49. Re6 $18 {[%cal Ob4b5] Threatening mate with Rxb5+!} Qc8 {[#]} 50. Rxb5+ $1 {[%mdl 512] Weighted Error Value: White=0.21 (precise) /Black=0.37} 1-0

[Event "1st Grandiscacchi Cattolica 2022"]
[Site "Cattolica"]
[Date "2022.03.03"]
[Round "1.5"]
[White "Perossa, Nicolas"]
[Black "Basso, Pier Luigi"]
[Result "0-1"]
[WhiteElo "2139"]
[BlackElo "2600"]
[Annotator "TA"]
[PlyCount "140"]
[EventDate "2022.03.03"]
[EventType "swiss"]
[EventCountry "ITA"]
[SourceTitle "playchess.com"]
[Source "ChessBase"]
[SourceQuality "1"]

{[%evp 10,140,23,22,23,35,19,16,46,25,29,10,29,10,16,0,12,10,21,6,11,6,16,14,20,-10,-7,-11,-8,-9,-7,-7,-9,-10,0,-75,-75,-82,-94,-109,-30,-43,-45,-20,-7,-6,0,0,-7,0,0,0,0,-13,0,-8,0,0,0,0,0,0,0,0,0,0,0,0,0,0,0,0,0,0,0,0,0,0,0,0,0,0,0,0,0,0,0,0,0,0,0,0,0,0,0,0,0,0,0,0,0,0,0,-4,-4,-9,-16,-108,-25,-391,-391,-379,-273,-1510,-1220,-1459,-1484,-1159,-1231,-1008,-592,-5527,-5518,-1187,-1030,-29960,-12837,-29971,-29971,-29984,-29985,-29985,-29986]} 1. e4 g6 2. d4 Bg7 3. Nf3 c6 4. c3 d5 5. Nbd2 dxe4 6. Nxe4 Nf6 {B12: Caro-Kann: Advance Variation.} 7. Bd3 O-O 8. O-O Nbd7 {[%cal Oe7e5,Bb8d7,Bd7f8,Bf8e6][%mdl 32] The position is equal.} 9. Nxf6+ exf6 10. Bf4 Re8 11. Re1 {[#]} Rxe1+ $146 ({Predecessor:} 11... Nf8 12. Rxe8 Qxe8 13. Qc2 Bg4 14. Re1 Qd7 15. Nd2 Re8 16. Rxe8 Qxe8 17. f3 Qe1+ {½-½ (67) Mathieu,P (2240)-Matnadze,A (2421) Tornelo INT 2021}) 12. Qxe1 Nf8 13. h3 Ne6 14. Bg3 Bf8 15. Rd1 Bd6 16. Bxd6 Qxd6 17. d5 cxd5 18. Be4 Nc7 {[%cal Oc8h3]} 19. Bxd5 Nxd5 20. c4 {[#]} Be6 $1 {[%cal Od6c5]} 21. cxd5 Rd8 22. Qc3 (22. Nh2 $1 $11 {remains equal.}) 22... Bxd5 $17 23. Nh2 h5 {To avoid Ng4} 24. Nf1 {[#]} Qe7 {Black is more active.} ({Black should try} 24... Rd7 $1 $17 25. Ne3 Qe6) 25. Qd4 $11 Rd7 $1 26. Qxa7 Bc6 27. Qe3 Qd8 28. Rxd7 Qxd7 29. a3 Qd1 30. Qd2 Qb1 31. Qe2 {Prevents Bb5.} Be4 32. Kh2 $1 Bd3 33. Nd2 {Strongly threatening Qe8+.} Qc2 34. Qe3 b5 35. Nf3 Bc4 36. Qc3 Qxf2 37. Qxf6 Qe3 38. Qd4 Qe7 39. Qe5 Qd8 40. Qd4 Qb8+ 41. Qe5 Qa8 42. h4 Bd5 43. Kg3 Qd8 44. Qg5 Qd7 45. Qf4 Kg7 46. Qe5+ f6 47. Qf4 {Inhibits Qg4+.} Qe7 48. Qd4 Qc7+ 49. Qf4 Qd7 50. Qd4 Kf7 51. Qf4 {Threatens to win with Ne5+.} Ke7 52. Qe3+ Kf7 53. Qf4 {Inhibits Qg4+. aiming for Ne5+.} Qe7 {To avoid Ne5+} 54. Qh6 Qd6+ 55. Qf4 Ke7 56. Qxd6+ Kxd6 {[%mdl 4096] Endgame KB-KN} 57. Nd4 Kc5 58. Nc2 {[#]} (58. Ne2 $1 $11 {keeps the balance.}) 58... Be4 (58... g5 $1 $17) 59. Nb4 $2 {[%mdl 8192] This move loses the game for White.} (59. Na1 $1 $11 {and White stays safe.}) 59... Kc4 $19 {White must now prevent ...Kb3.} 60. Na6 {[%cal Ob2b3]} Bc6 61. Nb8 $2 (61. Nb4 Be8 62. Kf4) 61... Be8 {And now ...Kb3 would win.} 62. b4 Kb3 63. Kf4 Kxa3 64. Na6 Bd7 {...Bc8 is the strong threat.} 65. Nc7 Kxb4 66. Nd5+ Ka3 {Hoping for ...b4.} 67. Nxf6 Bc6 {( -> ...b4)} 68. g4 b4 {Black mates.} 69. Nxh5 gxh5 70. gxh5 Ba4 {Weighted Error Value: White=0.20 (precise) /Black=0.10 (very precise)} 0-1

[Event "1st Grandiscacchi Cattolica 2022"]
[Site "Cattolica"]
[Date "2022.03.03"]
[Round "1.6"]
[White "Jobava, Baadur"]
[Black "Tripodi, Enzo"]
[Result "1-0"]
[WhiteElo "2588"]
[BlackElo "2179"]
[Annotator "TA"]
[PlyCount "85"]
[EventDate "2022.03.03"]
[EventType "swiss"]
[EventCountry "ITA"]
[SourceTitle "playchess.com"]
[Source "ChessBase"]
[SourceQuality "1"]

{[%evp 9,85,15,33,8,4,0,10,5,6,5,10,10,14,16,9,14,11,0,0,-9,33,34,44,43,38,9,15,0,0,-35,-33,-39,-41,-40,-42,-51,-51,-31,68,66,74,77,130,122,199,176,237,214,237,201,210,156,209,203,265,266,326,265,247,240,243,254,434,456,459,444,1383,1162,3050,2476,7753,10385,5814,2972,9491,5393,1583,1094]} 1. e4 c5 2. Nf3 d6 3. Bb5+ Nd7 4. O-O a6 5. Bd3 Ngf6 6. a4 {B51: Sicilian: Moscow Variation (3 Bb5+) without 3...Bd7.} b6 7. c3 Bb7 8. Qe2 {The position is equal.} e6 9. Bc2 Be7 10. d4 O-O {[#]} 11. Rd1 $146 ({Predecessor:} 11. Re1 Qc7 12. Na3 Rfe8 13. h3 Bf8 14. Bg5 h6 15. Bh4 Nh5 16. Rad1 Rac8 17. Bb1 {1-0 (46) Zhigalko,S (2604)-Zanan,E (2514) Skopje 2019}) 11... Qc7 12. Na3 Rfe8 13. h3 Bc6 14. Bf4 e5 (14... cxd4 $11 15. cxd4 (15. Nxd4 Bb7 $11) 15... Qb7) 15. dxe5 $14 Nxe5 16. Nxe5 ({Reject} 16. Nc4 Nxc4 17. Qxc4 Bf8 $11) 16... dxe5 17. Bh2 Bf8 18. g4 Qb7 {[%cal Rf6e4]} 19. f3 (19. Nc4 $5 {[%cal Rc4e5]}) 19... b5 {To avoid Nc4} 20. axb5 axb5 21. c4 {[%cal Bc3c4,Bc4b5][%mdl 32]} b4 22. Nb5 Rxa1 23. Rxa1 Bxb5 (23... Qb6 $15) 24. cxb5 Nd7 {White stays focused until the end.} 25. Kg2 Rb8 {[#]} (25... Nb6 $142) 26. Bb3 $1 $16 {White is more active.} Bd6 (26... Qxb5 $2 27. Qxb5 Rxb5 28. Ra7 $18) (26... Rc8 $16 {is a better defense.}) 27. Rd1 Qc7 (27... Be7 {might work better.} 28. Qc4 Rf8) 28. Qd3 Rb6 29. h4 {[%cal Bh3h4,Bh4h5][%mdl 32]} Nf8 30. h5 Qe7 (30... Ne6 $16) 31. Ra1 $18 h6 32. Ra6 Qc7 33. Bg1 Ne6 34. Bxe6 fxe6 35. Qc4 Kf7 (35... Be7 36. Rxb6 Qxb6 37. Qxb4 Qd8) 36. Rxb6 {White is clearly winning.} Qxb6 37. Qxb4 cxb4 (37... Qd8 $142 38. Qa3 (38. Bxc5 Bxc5 39. Qxc5 Qd2+ 40. Qf2 Qa5 $18) 38... Be7) 38. Bxb6 {[#] aiming for b3. KB-KB} Ke7 39. b3 {Threatens to win with Be3.} Kd7 40. Kf1 Kc8 41. Ke2 Kb7 42. Bf2 Bc7 43. Kd3 {Weighted Error Value: White=0.10 (very precise) /Black=0.29 (precise)} 1-0

[Event "1st Grandiscacchi Cattolica 2022"]
[Site "Cattolica"]
[Date "2022.03.03"]
[Round "1.7"]
[White "Frick, Christoph"]
[Black "Moroni, Luca Jr"]
[Result "0-1"]
[WhiteElo "2151"]
[BlackElo "2588"]
[Annotator "TA"]
[PlyCount "96"]
[EventDate "2022.03.03"]
[EventType "swiss"]
[EventCountry "ITA"]
[SourceTitle "playchess.com"]
[Source "ChessBase"]
[SourceQuality "1"]

{[%evp 9,96,21,46,0,1,-12,36,-32,-27,-38,-36,-33,-35,-45,-28,-42,-27,-36,0,-3,0,0,18,0,0,-59,24,-58,-51,-154,-57,-301,-292,-279,-270,-383,-369,-383,-373,-365,-354,-350,-307,-333,-330,-326,-341,-418,-388,-394,-402,-409,-404,-408,-405,-393,-398,-512,-427,-484,-418,-537,-526,-722,-701,-777,-777,-519,-760,-747,-732,-696,-623,-581,-390,-386,-371,-658,-660,-697,-681,-718,-718,-716,-716,-29969,-29970,-1906,-729]} 1. Nc3 g6 2. d4 Bg7 3. Bf4 a6 4. e4 d6 5. Qd2 b5 {[%cal Bb7b5,Bb5b4][%mdl 32]} 6. Nf3 {A40: Unusual replies to 1 d4.} (6. h4 $14) 6... Bb7 $11 7. O-O-O Nd7 {[#]} (7... b4 $11 {deserves consideration.} 8. Nd5 a5) 8. Kb1 $146 (8. e5 $14) ({Predecessor:} 8. h4 h6 9. Kb1 c5 10. dxc5 Nxc5 11. Bd3 Nf6 12. e5 dxe5 13. Nxe5 Nxd3 14. Nxd3 Bxg2 {0-1 (34) Kravtsiv,M (2625)-Nakamura,H (2736) Chess.com INT 2020}) 8... b4 $15 9. Nd5 Bxd5 10. exd5 Ngf6 11. Bh6 {[#]} Ne4 $1 12. Qe3 (12. Qe1 Bxh6) 12... Bxh6 13. Qxe4 Bg7 (13... Nf6 $5 {[%cal Rf6e4]} 14. Qh4 Bg7 $11) 14. Bc4 Nb6 15. Bd3 Qc8 16. Ng5 Qb7 17. Rhe1 (17. h4 $1 $11) 17... Nxd5 (17... O-O $15) 18. Bc4 (18. Qf3 $1 $11 O-O 19. Rxe7 $1) 18... c6 19. Rd3 (19. h4 $15) 19... Bf6 ({Better is} 19... O-O $1 $17 {Threatens to win with ...a5.} 20. Rf3 (20. Bxd5 cxd5 21. Qg4 e5 $17) 20... e6) 20. h4 $2 {[#] Now White is beyond hope.} (20. Bxd5 $15 cxd5 21. Qf4) 20... Nc3+ $1 $19 {[%mdl 512]} 21. Rxc3 {[#]} (21. bxc3 d5 22. Bxd5 cxd5 $19) 21... d5 $1 ({Weaker is} 21... bxc3 22. Bxf7+ Kd7 23. b3 $17) 22. Qf4 ({Wrong is} 22. Bxd5 $2 cxd5 23. Qf3 (23. Rc7 $2 Qxc7 24. Qxd5 O-O $19) 23... bxc3 $19) (22. Qf3 {only move.} bxc3 23. Bb3 Bxg5 24. hxg5) 22... bxc3 {[%csl Gc3][%cal Rb7b2]} 23. Bb3 {Strongly threatening Qxf6.} O-O 24. bxc3 a5 25. a4 Qb8 26. Qe3 Qd6 27. Ka2 e6 28. f4 Be7 29. Qc1 {Prevents Qa3+.} c5 30. dxc5 Qxc5 31. Re3 Bf6 32. h5 Rfc8 33. Rh3 Bxc3 34. hxg6 hxg6 35. Qh1 {[%cal Oh3h8] [#] White wants to mate with Rh8+!} Ra7 $1 (35... Kf8 36. Rh7 Qa7 37. Rxf7+ Qxf7 38. Nxf7 Kxf7 39. g4 $14) 36. Rh7 Bg7 37. Rh8+ Bxh8 38. Qh7+ Kf8 39. Qxh8+ Ke7 40. Qg7 Rf8 41. Nh7 Raa8 {White must now prevent ...Rh8.} 42. Qf6+ Kd7 {aiming for ...Rh8.} 43. Qe5 $2 (43. Nxf8+ Rxf8 44. Kb2) 43... Rfc8 44. Nf6+ Kd8 45. Qg5 Qe7 46. Qe5 Rab8 47. g4 {[#]} Rxb3 $1 48. cxb3 Qc7 {Weighted Error Value: White=0.52/Black=0.16 (very precise)} (48... Qb4 $142 49. Kb2 Qd2+ 50. Ka3 Qc1+ 51. Qb2 Qxf4) 0-1

[Event "1st Grandiscacchi Cattolica 2022"]
[Site "Cattolica"]
[Date "2022.03.03"]
[Round "1.8"]
[White "Van Foreest, Lucas"]
[Black "Doggers, Peter"]
[Result "1-0"]
[WhiteElo "2563"]
[BlackElo "2116"]
[Annotator "TA"]
[PlyCount "51"]
[EventDate "2022.03.03"]
[EventType "swiss"]
[EventCountry "ITA"]
[SourceTitle "playchess.com"]
[Source "ChessBase"]
[SourceQuality "1"]

{[%evp 15,51,-4,0,-15,0,0,4,-45,0,0,0,0,35,37,29,31,44,52,56,57,52,49,80,52,217,217,192,199,415,412,510,506,503,490,452,314,1575,1485]} 1. d4 Nf6 2. c4 g6 3. Nc3 d5 4. cxd5 Nxd5 5. e4 Nxc3 6. bxc3 Bg7 7. Nf3 $1 {[%mdl 4] is recently more successful than 7.Bc4.} c5 8. Bb5+ Nc6 {[%cal Rc5d4]} 9. d5 {[#] D85: Exchange Grünfeld: Unusual White 7th moves and lines with 7 Nf3.} Qa5 $1 10. Rb1 a6 11. Ba4 {[#]} (11. Bxc6+ $11 {should be considered.} bxc6 12. O-O (12. dxc6 Qxc3+ 13. Nd2 Qd3 $15)) 11... b5 $1 12. dxc6 $11 {Strongly threatening Bc2.} Bxc3+ 13. Bd2 bxa4 14. Qc1 $40 {[%mdl 128] White mounts an attack.} Bxd2+ 15. Qxd2 Qxd2+ 16. Kxd2 Be6 17. Rhc1 $1 Bxa2 18. Rb7 O-O-O+ 19. Ke3 {[#] White is more active.} Rd6 $146 {This move loses the game for Black.} (19... f6 $1 $14) ({Predecessor:} 19... c4 20. Ne5 Rd6 21. Rxe7 Re6 22. Ra7 Rxe5 23. Ra8+ Kc7 24. Rxh8 Kxc6 25. Rxh7 Re7 {1-0 (40) Sarana,A (2649)-Ivic,V (2581) Chess.com INT 2021}) 20. Ra7 $18 Kb8 {Prevents Ra8+.} (20... Rhd8 $2 21. c7 (21. Rxc5 Kb8 $18) 21... Rd3+ 22. Ke2 $18) 21. Rxa6 c4 $2 (21... Rhd8 {was called for.} 22. Rxc5 Kc7) 22. Rxa4 Bb3 23. Rb4+ Kc7 24. Rb7+ Kc8 25. Rxe7 {Threatening mate with Ra1.} Rhd8 $2 (25... Rxc6 26. Nd4 Rb6) 26. Ra1 {Weighted Error Value: White=0.13 (very precise) /Black=0.44} 1-0